Statistics for Countries by Colonial Names

Click here to take the quiz!

General Stats

  • This quiz has been taken 28 times
  • The average score is 12 of 22

Answer Stats

HintAnswer% Correct
Dutch GuianaSuriname
87%
Dutch East IndiesIndonesia
83%
Northern RhodesiaZambia
83%
Southern RhodesiaZimbabwe
83%
British HondurasBelize
78%
British South West AfricaNamibia
74%
Upper VoltaBurkina Faso
70%
Gilbert Islands; Line Islands; Phoenix IslandsKiribati
65%
French SomalilandDjibouti
61%
Portuguese GuineaGuinea-Bissau
61%
Upper Peru; Audencia of CharcasBolivia
57%
DahomeyBenin
48%
BechuanalandBotswana
48%
French SudanMali
48%
Saint-DomingueHaiti
43%
BasutolandLesotho
43%
NyasalandMalawi
43%
New HebridesVanuatu
43%
Trucial StatesUnited Arab Emirates
35%
Ellice IslandsTuvalu
26%
Cisplatina; Banda OrientalUruguay
22%
Ubangi-ShariCentral African Republic
17%

Score Distribution

Percentile by Number Answered

Percent of People with Each Score

Your Score History

You have not taken this quiz